000 00348nam a2200133Ia 4500
008 151213s9999 xx 000 0 und d
100 _aB. R. Mullik
245 _aMathew Arnold Selected Poems
_cB. R. Mullik
260 _aNew Dhilhi
_bUniversity Book Stoll
_c1972
300 _a1873 p.
650 _aEnglish
700 _aB. R. Mullik
999 _c1378
_d1378